000
00325nam a2200133Ia 4500
008
240624s9999 xx 000 0 und d
041
_a
eng
082
_a
823 McD
100
_a
MCDOUGALL CHRISTOPHER
245
_a
BORN TO RUN
260
_c
2010
_a
New Delhi
_b
Haxhette India
300
_a
287 : p. : cm. ; 21
365
_c
RS
_b
30
999
_c
27639
_d
27639